| 000 | 00855cab a2200241 4500 | ||
|---|---|---|---|
| 001 | ABS56657 | ||
| 008 | 090401t1997 xxu||||| |||| 00| 0 eng d | ||
| 035 | _a(Sirsi) u77179 | ||
| 041 | _aeng | ||
| 100 | _aReeves, B. | ||
| 245 | _aSetting the scene for the next Act | ||
| 260 | _c1997 | ||
| 350 | _a0 | ||
| 490 |
_aEstates Gazette _v(9709) 1 March 1997, 152-153(2) |
||
| 520 | _aOutlines the main provisions of the Draft Arbitration (Scotland) Bill clause by clause. The author welcomes the Bill, which defines the role of the courts more clearly. | ||
| 650 | _aARBITRATORS | ||
| 650 |
_aDISPUTE RESOLUTION _96236 |
||
| 650 | _aDRAFT ARBITRATION (SCOTLAND) BILL | ||
| 650 | _aSCOTLAND | ||
| 690 | _aMANAGEMENT-DISPUTE AVOIDANCE, MANAGEMENT AND RESOLUTION-DISPUTE MANAGEMENT AND RESOLUTION-ARBITRATION | ||
| 942 | _n0 | ||
| 948 | _c18/03/1997 | ||
| 999 |
_c48507 _d48507 |
||